[Event "IECG CP.2009.P.00009 email"]
[Site "IECG email"]
[Date "2009.10.01"]
[Round "?"]
[White "Ushakov, Vjacheslav A"]
[Black "Hayles, Andy"]
[Result "1-0"]
[WhiteElo "692"]
[BlackElo "1750"]
[PlyCount "45"]
[EventDate "2009.10.01"]
[EventType "tourn (corr)"]
[EventRounds "6"]
[EventCountry "ARG"]
[SourceTitle "Corr 2024"]
[Source "ChessBase"]
[SourceDate "2023.10.19"]
[SourceVersion "1"]
[SourceVersionDate "2023.10.19"]
[SourceQuality "1"]

1. e4 c6 2. d4 d5 3. Bd3 dxe4 4. Bxe4 Nf6 5. Bf3 Nbd7 6. Nc3 e6 7. Nge2 Bd6 8. Ng3 0-0 9. 0-0 Qc7 10. Kh1 a6 11. Nge4 Nxe4 12. Nxe4 Be7 13. c3 Nf6 14. Re1 Rd8 15. Nxf6+ Bxf6 16. Qe2 Be7 17. a4 a5 18. g3 Bd6 19. b3 b6 20. Kg1 Rb8 21. Bg5 f6 22. Bd2 Bb7 23. Qxe6+ 1-0

[Event "IECG CP-2005-P-00071"]
[Site "IECG email"]
[Date "2005.10.01"]
[Round "?"]
[White "Ushakov, Vjacheslav A"]
[Black "Masala, Pierluca"]
[Result "0-1"]
[WhiteElo "800"]
[BlackElo "1589"]
[PlyCount "20"]
[EventDate "2005.??.??"]
[EventType "tourn (corr)"]
[EventRounds "6"]
[SourceTitle "Corr 2024"]
[Source "ChessBase"]
[SourceDate "2023.10.19"]
[SourceVersion "1"]
[SourceVersionDate "2023.10.19"]
[SourceQuality "1"]

1. e4 c5 2. c4 Nc6 3. d3 g6 4. Nc3 Bg7 5. Nf3 d6 6. Be3 Nf6 7. Be2 0-0 8. 0-0 Ng4 9. h3 Nxe3 10. fxe3 a6 0-1

[Event "IECG QN.2005.0.00354 email"]
[Site "IECG email"]
[Date "2005.03.18"]
[Round "?"]
[White "Ushakov, Vjacheslav A"]
[Black "Venturas, Bob"]
[Result "0-1"]
[WhiteElo "800"]
[BlackElo "850"]
[PlyCount "84"]
[EventDate "2005.03.18"]
[EventType "tourn (corr)"]
[EventRounds "6"]
[SourceTitle "Corr 2008"]
[Source "ChessBase"]
[SourceDate "2008.06.24"]
[SourceVersion "1"]
[SourceVersionDate "2008.06.24"]
[SourceQuality "1"]

1. e4 e5 2. d4 exd4 3. Qxd4 Nc6 4. Qa4 Qf6 5. Nc3 Bc5 6. Be3 Bxe3 7. fxe3 Nge7 8. Nge2 d6 9. Nf4 0-0 10. Nfd5 Nxd5 11. exd5 Ne5 12. Qf4 Qxf4 13. exf4 Ng6 14. g3 Bg4 15. Bb5 a6 16. h3 axb5 17. hxg4 Rfe8+ 18. Kd2 c6 19. Rae1 b4 20. Ne4 Red8 21. dxc6 d5 22. Nc5 bxc6 23. f5 Nf8 24. Ne6 fxe6 25. fxe6 Ng6 26. e7 Re8 27. Re6 Rxe7 28. Rhe1 Rxe6 29. Rxe6 Rc8 30. a3 bxa3 31. bxa3 Kf7 32. Re3 Ne7 33. Rf3+ Kg6 34. Rf4 c5 35. c4 d4 36. a4 Nc6 37. Rf5 Na5 38. Kd3 h6 39. Re5 Kf6 40. Rf5+ Kg6 41. Ke4 Nb3 42. Kd3 Re8 0-1

[Event "IECG QN.2004.0.00321"]
[Site "IECG email"]
[Date "2004.04.17"]
[Round "?"]
[White "Jacquelin, Xavier"]
[Black "Ushakov, Vjacheslav A"]
[Result "1-0"]
[WhiteElo "798"]
[BlackElo "800"]
[PlyCount "47"]
[EventDate "2004.04.17"]
[EventType "tourn (corr)"]
[EventRounds "6"]
[SourceTitle "Corr 2008"]
[Source "ChessBase"]
[SourceDate "2008.06.24"]
[SourceVersion "1"]
[SourceVersionDate "2008.06.24"]
[SourceQuality "1"]

1. e4 e5 2. d4 Nc6 3. dxe5 Nxe5 4. Nc3 Nf6 5. f4 Nc6 6. e5 Qe7 7. Qe2 Nd4 8. Qd2 c5 9. Nge2 Ng4 10. Nxd4 cxd4 11. Qxd4 Qe6 12. Nd5 Qc6 13. Bb5 Qxc2 14. Ba4 Qxg2 15. Rg1 Bb4+ 16. Nxb4 Nxh2 17. Bd1 Qh3 18. Nd5 Kd8 19. Rxg7 Rf8 20. Qc5 Qh4+ 21. Ke2 Qh5+ 22. Kd2 Nf1+ 23. Kc3 Qh3+ 24. Kd4 1-0